000 00868nam a2200277Ia 4500
003 OSt
005 20250806093610.0
008 210210b1945 xxu||||| |||| 00| 0 eng d
040 _cAL
041 _aKannada
082 _a852/539
100 _aVENKATARAMANA SHASTRI
_dವೆಂಕಟರಮಣ ಶಾಸ್ತ್ರಿ tr
_9234105
245 _aVishnu dharmottara mahapuranam: Prathama khanda bhaga 2
_bವಿಷ್ಣು ಧರ್ಮೋತ್ತರ ಮಹಾಪುರಾಣಂ: ಪ್ರಥಮ ಖಂಡ
260 _aMaisUru
_b-
_c1945
440 _a2
_9234106
650 _aVishNu
_9234107
650 _aPrathama
_9234108
650 _amahapuraNam:
_9234109
650 _akhanDa
_9234110
650 _adharmottara
_9234111
650 _abhaga
_9234112
650 _a2
_9234113
690 _aKannada Prose
_9234114
906 _a019105
942 _2ddc
_cBK
999 _c143215
_d143215